Fußball: Trainerstationen von Dieter Hecking - Statistiken

Allgemein
  • Dieses Quiz wurde 196 mal gespielt
  • Das Durchschnittsergebnis liegt bei 6 aus 8
Antwortstatistiken
Zeitraum Erfolge Verein % Korrekt
2013 - 2016 DFB-Pokal, Deutscher Supercup, Vizemeister VfL Wolfsburg
95%
2024 - ? VfL Bochum
92%
2009 - 2012 Platz 6 in der Bundesliga 1. FC Nürnberg
91%
2019 - 2020 Platz 4 in der 2. Liga Hamburger SV
84%
2017 - 2019 Platz 5 in der Bundesliga Borussia Mönchengladbach
81%
2004 - 2006 Aufstieg in die 1. Bundesliga Alemannia Aachen
59%
2006 - 2009 Platz 8 in der Bundesliga Hannover 96
59%
2001 - 2004 Aufstieg in die 2. Bundesliga VfB Lübeck
12%
Keine übereinstimmenden Quizze gefunden
Verteilung der Resultate
Anzahl Personen mit jedem Resultat
Perzentil nach korrekt beantworteten Fragen
Ihre Resultats-Entwicklung
Sie haben dieses Quiz noch nicht gespielt